00272nam a2200109Ia 4500008004100000041000800041082001400049100002000063245002000083260004000103300001900143241015s9999 xx 000 0 und d aeng a658.3 DEN aDenisi/ Griffin aHr With Mindtap bCengage Learning IndiaaDehlic2020 a404;. P. 27 cm